[Event "Elista FIDE GP"]
[Site "Elista RUS"]
[Date "2008.12.17"]
[Round "4"]
[White "Kasimdzhanov, Rustam"]
[Black "Alekseev, Evgeny"]
[Result "0-1"]
[WhiteElo "2672"]
[BlackElo "2715"]
[EventDate "2008.12.14"]
[Annotator "Krasenkow"]
[PlyCount "68"]
[EventType "tourn"]
[EventRounds "13"]
[EventCountry "RUS"]
[EventCategory "19"]
[Source "ChessBase"]
[SourceDate "2009.01.28"]

1. d4 d5 2. c4 e6 3. Nc3 Bb4 4. e3 c5 5. Nf3 Nf6 6. Bd3 O-O 7. O-O Nc6 8. 
a3 Bxc3 9. bxc3 Qc7 10. Bb2 dxc4 11. Bxc4 e5 12. h3 Bf5 {This is one of 
the most popular continuations in the Classical system of the Nimzoindian 
Defence.} ( 12. ... e4 {is played much more rarely nowadays.} ) 13. Ba2 
Rad8 14. Qe2 Rfe8 ( 14. ... Bg6 {is an important alternative.} ) 15. d5 {
Otherwise White can't hope for an advantage, e.g.

White has just played a book move, 15 d5 . It's another example of little
tactics. Black cannot play I . . . Rxd5? because Bxd5 Nxd5 3 e4 costs a 
piece.
In previous games, Black retreated, l . . . tt:'!e7. Then White gained 
more space
with 2 c4 ! followed by 3 Nd2 and 4 e4, and was slightly better. Once 
again little
tactics was the means towards a positional end and edge.
But not in this game. This time Black replied} ( 15. Rad1 e4 16. Nh2 cxd4 
17. cxd4 Nd5 18. Rc1 Qe7 19. Rc5 Be6 20. Ba1 f5 21. Rfc1 Kh8 22. Nf1 Rf8 
23. Bxd5 Bxd5 24. Qb2 Rf6 25. Qb5 Qd7 26. Ng3 Ne7 27. Qxd7 Rxd7 28. Rc7 
Rfd6 =, quiet {1/2-1/2 Milic,B-Kevitz,A/USA 1950/EXT 2001 (50)} ) 15. ... 
Rxd5!? N {This sacrifice was recommended by GM Sergey Tiviakov but never 
tested in practice before this game.} ( {In fact, Black's results after 
the simple} 15. ... Ne7 16. c4 Ng6 {are quite satisfactory:} 17. Nd2 Qb6 (
17. ... Re7 18. e4 ( 18. g4 Bc8 19. Bb1 {looks more to the point} ) 
18. ... Bc8 19. Rfe1 Ne8 20. Nf1 Nf4 21. Qf3 Rd6 22. Ng3 Rf6 23. Qe3 Nd6 
24. Ne2 g5 â‡„â‡„ {0-1 Mareco,S-Mahia,G/Buenos Aires ARG 2008/The Week in 
Chess 702 (41)} ) 18. Bc3 Ne4 ( 18. ... e4 19. g4 Bc8 20. Bb1 h5 21. g5 
Nxd5 22. cxd5 Rxd5 23. Nxe4 Bf5 24. f3 Qc7 25. Qh2 +/- {1/2-1/2 
Kovacs,G-Papp,G/Szombathely HUN 2008/ The Week in Chess 721 (115)} ) 19. 
Nxe4 Bxe4 20. f3 Bf5 21. Qd2 Qd6 22. Rf2 f6 23. a4 Ne7 24. Qb2 Qd7 25. e4 
Bg6 26. Rb1 Rb8 27. Qa3 Qc7 28. Rb5 b6 29. Bb1 Nc8 30. Bd3 Nd6 =, quiet {
1-0 Flores,D-Valerga,D/Buenos Aires 2006/CBM 114 ext (51)} ) 16. Bxd5 Nxd5
{The players who examined the game afterward fell roughly into two groups:
The first group consisted of amateurs. They wondered what Black was
doing. He only gets a pawn for the Exchange. Where is the compensation?
In the second group were masters. They wondered "Why in the world hadn't 
anyone played I . . . Rxd5 ! before?" Masters saw that Black gains several
positional plusses. He ends up with the better center, potential 
domination of
light squares and a good-Knight-vs. -bad-Bishop. matchup. All this comes 
at a slim material cost.} 17. Rfd1 Nb6 {White has an awful b2 bishop and 
weak light squares on the queenside.

Black hinted that he wanted to dominate the White bishop and rooks with . 
. .Nla4 followed by . . . c4 and . . . Bd3 .
White avoided that with} 18. a4 a6 ( 18. ... e4 19. Nd2 Ne5 20. a5 Nc8 21.
 f3 Nd6 = ) 19. c4?! {Freeing the bishop but White's a4 and c4 pawns are 
now extremely weak.
freeing his bishop. Black responded
by securing a nice outpost at b4 with} ( 19. a5! âŒ“ Nd7 20. c4 {as Black 
can't win the a5-pawn without concessions:} 20. ... e4 ( 20. ... Nxa5?! 
21. e4 Be6 22. Nxe5 Nxe5 23. Bxe5 Qxe5 24. Rxa5 +/- ) 21. Nh4! ( 21. Nd2 
Nxa5 ~ ) 21. ... Be6 22. f4 exf3 ( 22. ... Nxa5? 23. f5 Bxc4 24. Qg4 Ne5 
25. Bxe5 Rxe5 26. f6 g6 27. Qf4 +- ) 23. Nxf3 Nxa5 24. Ng5! Nf8 ( 24. ... 
Nc6 25. Qh5 Nf8 26. Ne4 ~ ) 25. Nxe6 Nxe6 26. Rd5 ~ ) 19. ... a5! D {Only 
now does Black's compensation appear on the board. He is preparing
. . . Nb4 followed by . . . .Nc2xa4 or . . . .Nd7xa4.
Assessing compensation is often as much as 90 percent evaluation and only
10 percent calculation. A master wouldn't have to calculate this far when
looking at I . . . Rxd5 . In fact, all he might have to calculate is 
seeing that 2 Bxd5
Nxd5 3 e4 can be met by 3 . . .Nf4.
In the game White prepared to trade off a Black's knight with} 20. Bc3 f6 
21. Nd2 Nb4 ( 21. ... Bc2 22. Rdc1 Bxa4 =+ {was already possible.} ) 22. 
Bxb4 ( 22. e4 Bd7 ( 22. ... Be6!? ) ) 22. ... cxb4 {This gave Black 
additional positional
plusses: a protected passed pawn and a new target, the c-pawn. White was 
losing
soon after} 23. Rdc1 ( 23. c5!? Nd5 ( 23. ... Qxc5?! 24. e4 Be6 ( 24. ... 
Bd7 25. Nb3 ) 25. Rac1 â†‘ ) 24. Qc4 Be6 25. Qb5 {and White obtains 
counterplay although Black keeps his structural advantage due to his 
strong b4-pawn:} 25. ... Kf8 26. Ne4 f5 27. Ng5 ( 27. Nd6 Re7 28. Rxd5 
Bxd5 29. Nxf5 Rd7 =+ ) 27. ... Nc3 28. Nxe6+ Rxe6 29. Qd7 Qxd7 30. Rxd7 
Re7 =+ ) 23. ... Rd8 24. c5 {Too late!} ( 24. Nb3 âŒ“ Bd3 25. Qg4 f5 26. 
Qh4 Ra8 =+ ) ( 24. e4 Be6 ( 24. ... Bd7 $143 25. c5 Nxa4?! 26. c6 Nc3 27. 
Qc4+ ) 25. c5 Nd7 26. Qe3 =+ ) 24. ... Bd3! 25. Qe1?! {This queen will now
be passive.} ( 25. Qd1! âŒ“ Nd5 26. Qb3 e4 =+ ) 25. ... Nd5 26. Nb3 h6 27.
 Ra2 e4 28. Raa1 Ra8 ( 28. ... Nc3 29. Rxc3 bxc3 30. Qxc3 ~ {is what White
naturally expected} ) ( {but the knight could have been transfered to the 
perfect c6 square:} 28. ... Ne7! -/+ ) 29. Nd4 Rc8 30. Qd2 {Missing (here 
and on the next move) an equalizing opportunity:} ( 30. c6! Nc3 31. Rxc3 
bxc3 32. Qxc3 bxc6 33. Rc1 {and White recaptures the c-pawn with a decent 
position.} ) 30. ... Kh7 {Black prepares ...Nc3, which was not yet 
effective:} ( 30. ... Nc3 31. Rxc3 bxc3 32. Qxc3 Qxc5 33. Qb3+ Kh7 34. 
Qxb7 =, quiet ) ( 30. ... Qe5!? ) 31. f4? ( 31. c6! ) 31. ... Nc3 32. Nb3 
( 32. Rxc3 bxc3 33. Qxc3 Qxc5 {now loses a pawn with little chances to 
survive but the text is even worse.} ) 32. ... Ne2+ 33. Kf2 Nxc1 34. Rxc1 
Qd7! {White's resignation looks a bit premature but after} ( 34. ... Qd7 
35. Qa2 ( 35. Ra1 b6 -+ ) ( 35. Nxa5 Qxa4 36. Nxb7 b3 -+ ) 35. ... Qd5 36.
 Qb2 {he is completely tied up and Black can gradually prepare a 
breakthrough on the kingside.} ) 0-1

[Event "Zagreb m"]
[Site "Zagreb CRO"]
[Date "1981.??.??"]
[Round "1"]
[White "Hulak, Krunoslav"]
[Black "Cebalo, Miso"]
[Result "0-1"]
[WhiteElo "2475"]
[BlackElo "2500"]
[EventDate "1981.??.??"]
[PlyCount "78"]
[EventType "match"]
[EventRounds "4"]
[EventCountry "YUG"]
[Source "ChessBase"]
[SourceDate "1999.07.01"]
[WhiteTeamCountry "SUI"]
[BlackTeamCountry "WLS"]

1. e4 c5 2. Nf3 e6 3. d4 cxd4 4. Nxd4 Nf6 5. Nc3 d6 6. g3 Nc6 7. Bg2 Bd7 
8. O-O Be7 9. Re1 O-O 10. Ndb5 Qb8 11. a4 a6 12. Nd4 Qc7 13. Nb3 Rac8 14. 
h3 b6 15. Qe2 Nb4 16. Be3 e5 17. Red1 Be6 18. Rac1 Qb7 19. Na1 D {
Compensation is hard to appreciate because, by definition, it is 
imprecise. If
it were precise - if you could look at a knight sacrifice X moves into 
theÂ· future
and say "White wins" - it's not a sacrifice with compensation.
That's a combination, without risk. The sacrifice isn't 'real ' , in 
Rudolf
Spielmann's simple but useful term. Here's a ' sham' sacrifice. Black 
obtained a positional edge with} 19. ... Rxc3! {The capture has been
carried out in thousands of similar Sicilian Defenses. Sometimes it's a 
sound
sacrifice. Sometimes it's unsound.
But this isn't a real sacrifice. After} 20. bxc3 Na2 {Black must regain 
the
Exchange (Rb1 ?  Nxc3 ).
After the game continuation,} 21. Qd3 Nxc1 22. Rxc1 {material is equal. 
Black
has simply carried out an indirect trade of a pair of rooks and knights
He did it for a positional purpose, to obtain the superior pawn structure.
In
other words, this is a petite combinaison . Black won eventually by a
preponderance of positional edges.
In contrast, here is perhaps the first example of a real . . . Rxc3 
sacrifice in the
Sicilian Defense. It was played in a simultaneous exhibition.} 22. ... Rc8
23. Rb1 Bc4 24. Qd1 Nd7 25. Nb3 Qc6 26. Nd2 Be6 27. Bf1 a5 28. c4 Qxa4 29.
 Bxb6 Nxb6 30. Rxb6 h5 31. h4 g6 32. Qb1 Bf8 33. Ra6 Qa3 34. Qb5 Qc3 35. 
Qxa5 Qxc2 36. Qa2 Qc1 37. Kg2 Rb8 38. Nf3 Rb2 39. Qa3 Bh3+ 0-1

[Event "73. Tata Steel GMA"]
[Site "Wijk aan Zee NED"]
[Date "2011.01.18"]
[Round "4"]
[White "Anand, Viswanathan"]
[Black "Wang, Hao"]
[Result "1-0"]
[WhiteElo "2810"]
[BlackElo "2731"]
[EventDate "2011.01.14"]

1. d4 Nf6 2. c4 e6 3. Nc3 Bb4 4. f3 d5 5. a3 Bxc3+ 6. bxc3 c5 7. cxd5 Nxd5
8. dxc5 Qa5 9. e4 Ne7 10. Be3 O-O 11. Qb3 Qc7 12. Bb5 Nec6 13. Ne2 Na5 14.
 Qb4 {Kramnik had played} ( 14. Qa4 {against Wang
Hao the previous day, but} 14. ... a6 15. Bd3 Nd7 16. Bc2 Nxc5 {was 
comfortable for Black} ) 14. ... e5 15. O-O Be6? D {In fact, when a master
spots a promising sacrifice he may not even try to see
if there's a forced win. All he needs to know is that the move is worth 
playing,
that there is enough comp

Vishy Anand had analyzed this late opening position three years before 
when
preparing for a world championship match. But he hadn't gotten a chance to
use
his analysis until this game because no one had played Black's last move,
... Be6, against him.
He finally got his chance to play} ( 15. ... Na6 16. Bxa6 bxa6 17. Rfd1 
Be6 {was
satisfactory for Black in Moskalenko-Delchev,
Benidorm 2007. Doubtless Anand had an improvement
ready, but at the time of writing he
has not revealed it.
The move played looks natural enough, and
indeed} ) ( 15. ... Na6 16. Bxa6 bxa6 17. Rfd1 Be6 18. c6 Nc4 19. Bc5 Rfc8
20. Qb7 Na5 21. Bd6 Nc4 22. Bxe5 f5 23. Bd4 Qf4 24. Nxf4 Rxc6 25. Qf7+ 
Bxf7 26. Nd5 fxe4 27. fxe4 Re8 28. Bxa7 Rxe4 29. Nb4 Rg6 30. Rd8+ Re8 31. 
Rxe8+ Bxe8 32. Re1 Bf7 33. a4 a5 34. Nd3 Re6 35. Rxe6 Bxe6 36. Kf2 Bd7 37.
 Nc5 Bc6 38. Bb8 Nb2 39. Be5 Nxa4 40. Nxa4 Bxa4 {1/2-1/2(41) Moskalenko, 
Viktor (2575) - Delchev, Aleksander (2613) / Benidorm Open 4th (9), 
Benidorm 2007} ) 16. Nd4! D {This positional sacrifice of a piece for two
pawns, which was part of Anand's preparation
for his 2008 world championship match against
Kramnik, gives White good practical chances.

in this game. What he remembered
from his 2008 analysis was that after} ( 16. Rfd1 Bb3 17. Rd6 Nbc6 18. 
Bxc6 bxc6 19. c4 Rab8 {caused Black no problems
in Cebalo-Marinkovic, Budva 2009. However,
Anand has other ideas.} ) 16. ... exd4 {Acceptance is forced, as} ( 
16. ... Bd7 17. Nf5 {gives White a clear advantage.} ) 17. cxd4 {Two pawns
are normally not enough for a
piece, but here White has several positional advantages.
The two pawns are part of a powerful
central pawn-mass, he controls far more space,
his bishops are very active and finally Black's a5-knight is stuck 
offside. Notice how these are
all positional factors, and similar advantages
often form the basis for positional sacrifices.

White will have two
strong pawns for the knight and the pawns will severely restrict Black's 
pieces,
including the off-side knight at aS . That's more than enough 
compensation, he
concluded.
His evaluation turned out to be exactly right when play continued} 17. ...
 Nbc6 ( 17. ... a6 18. Be2 Re8 {prevents dS for the moment,
but after} 19. Qc3 Nd7 20. Rab1 {White
maintains the pressure.} ) 18. Qc3 Ne7 {Preparing a counter-sacrifice 
after 19 d5?
Bxd5, but White simply reinforces his pawns.} 19. Rfd1 Rad8?! {The wrong 
rook. 19 ... Rfd8 is better, when 20 Bf2 Nac6 21 Rab1 gives White some 
advantage,
but nothing clear.} 20. Bf2 D a6? {Now Black is lost.} ( 20. ... Nac6? {is
also bad in
view of} 21. Bg3 Qa5 22. Qxa5 Nxa5 23. Bd6 {and White wins material (this 
is where White
exploits the position of the rook on f8).} ) ( 20. ... b6! {is best, since
after} 21. c6 a6 22. Bxa6 Naxc6 23. d5 Bxd5 24. exd5 Rxd5 {Black can at 
least fight,
although White has a substantial advantage due
to his two bishops.} ) 21. Bg3 Qc8 22. Bf1 D {White hadn 't calculated 
this far previously and didn't know, for example,
how good 22 . . . .Nac6 23. Bd6 ! would be. It wasn't necessary to do that
as long as
Nd4 passed the ' sufficient comp' test.
The game went} 22. ... b6 {The a5-knight will cost Black material since
22 ...Nac6 loses to 23 Bd6 followed by d5.} 23. Rab1! Nb3 24. Rxb3 Bxb3 
25. Qxb3 bxc5 26. d5! {White is winning as his pieces are far more
active than Black's, the c5- and a6-pawns are
weak and White has a dangerous passed d-pawn.

and
the bishops and pawns led to an easy win, in view of'iib6 followed by 
..xa6 or ..d6.
Alexander Alekhine underlined this ability - to conclude ' it must be 
sound! '
- when he explained why he gave up the Exchange in an endgame at
Nottingham 1 936. "One of the combinations that an experienced player does
not
need to calculate to the finish. He knows that under given circumstances 
the
king's side pawns must become overwhelming," Alekhine wrote.
Of course, many players are suspicious of appearances. They'll want to
calculate further. How much further is a personal matter.} 26. ... Ng6 27.
 Qb6 f5 28. Bxa6 Qd7 29. Bb5 Qf7 30. exf5 ( 30. Qxc5 fxe4 31. d6 Kh8 32. 
fxe4 Qb3 33. Re1 +- ) 30. ... Qxf5 31. Qxc5 Rc8 32. Qd4 Rfd8 33. a4 1-0

[Event "Luzern ol (Men)"]
[Site "Lucerne SUI"]
[Date "1982.11.11"]
[Round "11"]
[White "Ljubojevic, Ljubomir"]
[Black "Portisch, Lajos"]
[Result "1-0"]
[WhiteElo "2605"]
[BlackElo "2630"]
[EventDate "1982.10.29"]
[PlyCount "61"]
[EventType "team"]
[EventRounds "14"]
[EventCountry "SUI"]
[Source "ChessBase"]
[SourceDate "1996.11.15"]
[WhiteTeam "Yugoslavia"]
[BlackTeam "Hungary"]
[WhiteTeamCountry "YUG"]
[BlackTeamCountry "HUN"]

1. e4 c5 2. Nf3 d6 3. d4 cxd4 4. Nxd4 Nf6 5. Nc3 a6 6. Bg5 e6 7. f4 Be7 8.
 Qf3 Qc7 9. O-O-O Nbd7 10. g4 b5 11. Bxf6 Nxf6 12. g5 Nd7 13. f5 Nc5 14. 
h4 b4 15. Nce2 e5 16. Nb3 Bb7 17. Ng3 O-O-O D {One of the first things you
should notice is that f7 is unprotected. That makes
it a potential target.
The second thing to notice is that f7 can be attacked by 18 Bc4, which is 
also
a good positional move. White doesn't expect to win the f-pawn. But he 
expects
that if he gets to play Bd5 he will have established d5 as a strong 
outpost.
The third thing a master would notice is that the bishop is unprotected on
c4
and that Bc4 would allow I . .. Nxe4. Then 2 . . . Qxc4 as well as 
discovered
attacks on White's queen, such as 2 . . .Nxg3, are threatened.
Nevertheless, White played} 18. Bc4 Nxe4 19. Bd5! D {He might
have stopped here and concluded he would have good compensation in view of
his control of dS and the weakness of Black's king position after the 
inevitable
trade of bishops.

But White, perhaps the best calculator of his generation, looked further 
and
saw that 2 . . . Nc5 would not provide Black with adequate king protection
because White can play 3Ne4 ! .
His move makes no threat but i s just another good 'plus-move' , like Kb1 
,
Rd2 and Rhd1 , which may be coming up.
White likely looked even further and saw that after 2 . . . Nxg3 3 Qxg3 he
will have good compensation as well as threats once he gets his KR into 
play
via e I and e4. Here again the future of the rooks is a tipoff to who is 
improving
their position more.
The game went 2} 19. ... Nxg3 20. Qxg3 Kb8 21. Rhe1 Rc8 22. Qg2 D {out. 
All he would know is that he has good pressure. That's what comp for one
pawn often amounts to. It's not an assurance of an advantage. It is merely
an
indication of promising prospects.
The indication turned out to be accurate. After a few routine moves,} 
22. ... Bxd5 23. Rxd5 Qb6 24. Re4! {Black made one mistake} 24. ... Rc7? {
That allowed White to regain his pawn with} 25. Qg4 {It's not the pawn 
that matters as much as Black's lack of king protection, and
the game ended soon after} 25. ... Ka7 ( 25. ... Rb7 26. Na5 ) 26. Rxb4 
Qe3+ 27. Kb1 h5 28. Qd1 Rhc8 29. Qf1 Ka8 30. Ra5 Ra7 31. Qh1+ 1-0

[Event "URS Ch FL"]
[Site "Tbilisi GEO"]
[Date "1973.??.??"]
[Round "17"]
[White "Palatnik, Semon"]
[Black "Bronstein, David I"]
[Result "0-1"]
[WhiteElo "2405"]
[BlackElo "2570"]
[EventDate "1973.??.??"]
[PlyCount "58"]
[EventType "tourn"]
[EventRounds "17"]
[EventCountry "URS"]
[EventCategory "9"]
[Source "ChessBase"]
[SourceDate "1999.07.01"]
[WhiteTeamCountry "SWE"]
[BlackTeamCountry "YUG"]

1. c4 e6 2. Nf3 d5 3. g3 d4 4. d3 Nc6 5. Bg2 Nf6 6. O-O Be7 7. e3 O-O 8. 
exd4 Nxd4 9. Nxd4 Qxd4 10. Nc3 e5 11. Be3 Qd8 12. h3 c6 13. d4 exd4 14. 
Qxd4 Be6 15. b3 Qa5 16. Na4 Rfd8 17. Qc3 Bb4 18. Qb2 D {Pretty Pictures, 
Muddier Pictures

Of course, it's possible that White calculated 1 .i.c4 as far as 7 l:te4 
or even
further. But, as we said earlier, masters distrust a lot of calculation. 
They know
you can't calculate everything. And if you try, the picture gets muddier, 
the
conclusions you draw are more dubious and the likelihood for error soars
dramatically.

The amateur who feels he has to look six or seven moves ahead to justify a
sacrifice is deluding himself. A revealing look at how a master thinks was
given
by David Bronstein in his memoirs.

Bronstein took half an hour before choosing} 18. ... Qh5 {which threatens
2 . . . Bxh3 . Play continued} 19. g4? ( 19. h4 Rd3 20. Bg5 Re8 21. a3 Be7
22. Rae1 Qg4 23. Re3 Red8 24. Rxd3 Rxd3 25. Bf4 ) 19. ... Bxg4! D {The 
spectators concluded that he had invested his time on 1 ... Qh5 because
he expected 2 g4 and needed to calculate deeply to be sure that the bishop
sacrifice was sound.
Wrong. Bronstein revealed that what he was really thinking about in the
diagram was what he would do if White replied to I . . . Qh5 with 2 h4 ! .
He
eventually decided that Black has no advantage and he would have offered a
draw.

The reason why he didn't agonize over the consequences of 2 g4 .Bxg4
3 hxg4 Nxg4 was that the sacrifice is almost a no-brainer, another case of
' it must be good ' .
It's true that Black only gets two pawns for his bishop. But he obtains 
strong
threats, beginning with 4 . . . Qh2 mate and the longer-term . . . Rd6-g6.
Thanks
to visualization, Black saw that White's queen and knight will be in no 
position
to defend the kingside.} 20. hxg4 Nxg4 {Bronstein's judgment was confirmed
when play went} 21. Bf4 Bd6! 22. Bxd6 Rxd6 23. Rfe1 Rg6 {White's defense 
fell apart after} 24. Nc3 ( 24. f3 Qh2+ 25. Kf1 Qf4 26. Kg1 Ne3 27. Rxe3 
Qxe3+ 28. Qf2 -/+ ) 24. ... Qh2+ 25. Kf1 Nf6 26. Be4 Qh3+ 27. Ke2 Nxe4 28.
 Nxe4 Re6 {What allows a master to be confident when he stops calculating?
There are
several factors, including the number of positional plusses and threats 
that a
sacrifice offers. But often he likes the looks of a future position - 
literally} 29. Kd2 Rd8+ 0-1